Quiz o serii gier Counter - Strike - Statystyki

Ogólne statystyki
  • Ten quiz został rozwiązany 1 719 razy
  • Średni wynik to 14 z 25
Statystyki odpowiedzi
Zagadnienie Odpowiedź % Poprawnych
Ile kosztuje wabik w CS:GO? 50$
90%
Ile aktualnie ma lat seria CS? 20 lat
88%
Na jakiej mapie znajduję się ulica "Banan"? de_inferno
88%
Czy CS był na początku modem do gry Half - Life? Tak
88%
Jak się nazywała druga odsłona z serii CS? Counter - Strike: Condition Zero
86%
Jaki jest kod bomby? 7355608
76%
Na jakim silniku działa CS:GO? Source
74%
Jaki skin w CS:GO ma tak zwany "contraband" M4A4 Howl
66%
Jak się nazywała jednoosobowa, fabularna kampania rozwinięta przez Ritual Entertainment? Counter - Strike: Condition Zero Deleted Scenes
64%
Jak nazywała się firma z logiem psa na mapie de_train? Pop Dog
64%
Czy była kiedyś planowana tyrolka do CS:CZ? Tak
64%
Czy była kiedyś wersja CSa na Xboxa? Tak
62%
Jakie są aktualne dwie mapy Danger Zone w CS:GO? Blacksite i Sirocco
60%
Jaki przedmiot został ostatnio dodany co był poprzednio usunięty? Tactical Shield
56%
W której wersji gry został dodany Koktajl Mołotowa? CS:GO
54%
Kiedy została stworzona pierwsza wersja gry? 19 czerwca, 1999
46%
W którym roku CS:GO zostało wydane na Linuxa? 2014
46%
Jak się nazywają główni twórcy CS? Minh Le i Jess Cliffe
46%
Który tryb gry był pierwszy w CS? Hostage Rescue
40%
Jak się nazywał gracz co wbijał do lobby pro graczy? chiken
34%
Jak ma na imię twórca mapy de_aztec? Christopher Auty
32%
Jak ma na imię twórca mapy de_dust2? David Johnston
32%
Z którą mapą zostały dodane kurczaki? cs_italy
24%
Jak się inaczej nazywa AWP? Magnum Sniper Rifle
24%
Jaką broń trzyma postać w logu CS aż do części CS:GO? MP5
16%
Nie znaleziono quizów pasujących do podanych kryteriów
Rozkład punktacji
Procent ludzi z każdym wynikiem
Percentyl według liczby udzielonych odpowiedzi
Twoja historia wyników
Nie rozwiązałeś tego quizu